Una política acertada y la formación permanente del profesorado : Claves en el impulso de los Centros TIC de Andalucía (España) /

En este trabajo se exponen algunos de los resultados de una investigación llevada a cabo en Andalucía (España) para evaluar el impacto de la política de innovación educativa desarrollada por el gobierno de la región, mediante la implantación masiva de las Tecnologías de la Información y Comunicación...

Full description

Bibliographic Details
Main Author: Pérez Rodríguez, María
Other Authors: Fandos Igado, Manuel, Aguaded Gómez, José
Format: Analitica de revista
Language:Spanish
Published: Valdivia, Chile Universidad Austral de Chile 2009
Subjects:
Online Access:Acceso electrónico al documento

MARC

LEADER 00000cab a2200000 a 4500
001 031792
003 UAHC_CL
005 20180806182428.0
008 100602s2009 cl 000 spa
952 |0 0  |1 0  |2 ddc  |4 0  |6 ESTUD___PEDAGÓG_02_09_000000000000000  |7 0  |8 COMP  |9 61918  |a BC  |b BC  |c General  |d 2017-08-03  |l 0  |o ESTUD. PEDAGÓG.-02/09  |r 2018-01-17 00:00:00  |w 2017-08-03  |y REVA 
999 |c 31792  |d 31792 
022 |a 07180705 
040 |a UAHC_CL  |c UAHC_CL  |d UAHC_CL 
100 1 |a Pérez Rodríguez, María 
245 1 4 |a Una política acertada y la formación permanente del profesorado :  |b Claves en el impulso de los Centros TIC de Andalucía (España) /  |c María Pérez Rodríguez, José Aguaded Gómez, Manuel Fandos Igado. 
260 |c 2009  |b Universidad Austral de Chile  |a Valdivia, Chile 
300 |a p. 137-154 
500 |a En: Estud. pedagóg., 2009, no.02, vol. 35 p. 137-154. ISSN 0718-0705.\Artículo disponible también en versión electrónica. 
520 |a En este trabajo se exponen algunos de los resultados de una investigación llevada a cabo en Andalucía (España) para evaluar el impacto de la política de innovación educativa desarrollada por el gobierno de la región, mediante la implantación masiva de las Tecnologías de la Información y Comunicación (TIC) en centros de enseñanza de Primaria y Secundaria (Centros TIC). En concreto, se analizan las implicaciones de la administración educativa y de los centros ante las medidas de impulso para la integración de las TIC, no sólo a nivel institucional en cuanto a organización de centros, sino también en lo que se refiere a acciones de formación permanente del profesorado y las implicaciones y repercusiones en los procesos de enseñanza aprendizaje. 
650 4 |a TECNOLOGIAS DE LA INFORMACION Y COMUNICACION 
653 |a PEDAGOGIA EN EDUCACION BASICA 
700 1 |a Fandos Igado, Manuel 
700 1 |a Aguaded Gómez, José 
700 1 |a Aguaded Gómez, José 
773 0 |t Estudios pedagógicos  |w 031657 
856 |u http://www.scielo.cl/scielo.php?script=sci_arttext&pid=S0718-07052009000200008&lng=es&nrm=iso&tlng=es  |3 Acceso electrónico al documento  |y Acceso electrónico al documento 
856 |u http://www.scielo.cl/scielo.php?script=sci_arttext&pid=S0718-07052009000200008&lng=es&nrm=iso&tlng=es  |3 Acceso electrónico al documento  |y Acceso electrónico al documento 
900 |a ESTUD. PEDAGÓG.-02/09 
942 |c REVA  |2 ddc